000 00310nam a2200121 a 4500
005 20140414094325.0
008 100616s19uu xx uuu eng d
050 _a899.2103
_bRIZ #5
100 _aRizal, Jose
245 _aNoli me tangere :
_bnagdidilim ang langit (5).
942 _cAVM
_2lcc
999 _c109664
_d109664